Ausländische Spieler mit meisten Bundesligatoren - Statistiken

Allgemein
  • Dieses Quiz wurde 79 mal gespielt
  • Das Durchschnittsergebnis liegt bei 8 aus 15
Antwortstatistiken
Spiele Tore Bundesligavereine Antwort % Korrekt
384 312 Bayern MünchenBorussia Dortmund Robert Lewandowski
99%
490 197 1. FC KölnBayern München Werder Bremen Claudio Pizarro
88%
260 133 Borussia MönchengladbachBayern München VfB Stuttgart Giovane Elber
75%
286 126 1899 Hoffenheim Andrej Kramaric
72%
344 127 FC Schalke 04Hertha BSC VfB Stuttgart 1899 Hoffenheim Alemannia Aachen Vedad Ibisevic
66%
201 99 Bayern München Arjen Robben
62%
273 86 Bayern München Franck Ribery
60%
144 98 Borussia Dortmund Pierre-Emerick Aubameyang
60%
219 106 MSV DuisburgHamburger SV FC Schalke 04 Werder Bremen Ailton
57%
308 98 Bayer LeverkusenEintracht Frankfurt SV Darmstadt 98 Bum-kun Cha
40%
228 106 Borussia DortmundBayer Uerdingen Stéphane Chapuisat
37%
330 96 Bayer LeverkusenHamburger SV Borussia Dortmund Hansa Rostock Sergej Barbarez
35%
181 90 Borussia Mönchengladbach1. FC Köln Toni Polster
26%
223 96 Hamburger SVEintracht Frankfurt Anthony Yeboah
22%
242 92 Borussia DortmundRot-Weiss Essen Willi Lippens
21%
Keine übereinstimmenden Quizze gefunden
Verteilung der Resultate
Anzahl Personen mit jedem Resultat
Perzentil nach korrekt beantworteten Fragen
Ihre Resultats-Entwicklung
Sie haben dieses Quiz noch nicht gespielt